World Reference Atlas

Bibliographic Details
Main Author: Philip's
Format: Book
Published: London : Octopus Publishing Group Ltd , 2004
Subjects:

MARC

LEADER 00000cam a2200000 7i4500
001 0000065536
005 20161214.0
008 160817
020 |a 0753709066 
020 |a 9780753709061 
090 0 0 |a 912   |b PHI 
100 1 |a Philip's 
245 1 0 |a World Reference Atlas   |c Philip's 
260 |a London :   |b Octopus Publishing Group Ltd ,   |c 2004 
300 |a 176pg. :   |b Col.ill 
650 0 |a Atlas, Maps & Globe 
999 |a 0000926277   |b Book   |c Adult Collection   |e Cawangan Bukit Gambir 
999 |a 0000926278   |b Book   |c Adult Collection   |e Cawangan Bukit Gambir 
999 |a 0000935802   |b Book   |c REFERENCE   |e Cawangan Tangkak